<?xml version="1.0" encoding="UTF-8"?>
<record
    xmlns:xsi="http://www.w3.org/2001/XMLSchema-instance"
    xsi:schemaLocation="http://www.loc.gov/MARC21/slim http://www.loc.gov/standards/marcxml/schema/MARC21slim.xsd"
    xmlns="http://www.loc.gov/MARC21/slim">

  <leader>01015nam a22002057a 4500</leader>
  <controlfield tag="008">160115b        xxu||||| |||| 00| 0 eng d</controlfield>
  <datafield tag="020" ind1=" " ind2=" ">
    <subfield code="a">9589260144</subfield>
  </datafield>
  <datafield tag="082" ind1=" " ind2=" ">
    <subfield code="a">758.06</subfield>
    <subfield code="b">G643l</subfield>
  </datafield>
  <datafield tag="100" ind1=" " ind2=" ">
    <subfield code="a">Caballero, Luis; Gonzalez, Beatriz; Jaramillo Agudelo, Dario; Goodall, Donald</subfield>
    <subfield code="9">4440</subfield>
  </datafield>
  <datafield tag="110" ind1=" " ind2=" ">
    <subfield code="a">El sello Editorial</subfield>
    <subfield code="9">4441</subfield>
  </datafield>
  <datafield tag="245" ind1=" " ind2=" ">
    <subfield code="a">Luis Caballero </subfield>
    <subfield code="c">Caballero, Luis; Gonzalez, Beatriz; Jaramillo Agudelo, Dario; Goodall, Donald</subfield>
  </datafield>
  <datafield tag="260" ind1=" " ind2=" ">
    <subfield code="a">Bogota, Colombia</subfield>
    <subfield code="b">El sello Editorial </subfield>
    <subfield code="c">1995</subfield>
  </datafield>
  <datafield tag="300" ind1=" " ind2=" ">
    <subfield code="a">227 p</subfield>
    <subfield code="b">il; col</subfield>
    <subfield code="c">31 cm</subfield>
  </datafield>
  <datafield tag="505" ind1=" " ind2=" ">
    <subfield code="t">Es el cuerpo lo que yo quiero decir </subfield>
    <subfield code="r">Luis Caballero </subfield>
    <subfield code="t">Luis Caballero: La voluntad procuradora </subfield>
    <subfield code="r">Beatriz Gonzalez</subfield>
    <subfield code="t">Apuntes sobre Caballero</subfield>
    <subfield code="r">Dar&#xED;o Jaramillo Agudelo </subfield>
    <subfield code="t">Luis Caballero</subfield>
    <subfield code="r">Donald Goodall</subfield>
    <subfield code="t">Obras </subfield>
    <subfield code="t">Biograf&#xED;a </subfield>
    <subfield code="t">Bibliohemerografia </subfield>
  </datafield>
  <datafield tag="650" ind1=" " ind2=" ">
    <subfield code="a">Luis Caballero 1943 - 1995</subfield>
    <subfield code="v">Arte Moderno </subfield>
    <subfield code="x">Desnudo</subfield>
    <subfield code="z">Colombia</subfield>
    <subfield code="9">4442</subfield>
  </datafield>
  <datafield tag="700" ind1=" " ind2=" ">
    <subfield code="a">Caballero, Luis</subfield>
    <subfield code="9">4443</subfield>
  </datafield>
  <datafield tag="700" ind1=" " ind2=" ">
    <subfield code="a"> Gonzalez, Beatriz</subfield>
    <subfield code="9">4444</subfield>
  </datafield>
  <datafield tag="700" ind1=" " ind2=" ">
    <subfield code="a">Jaramillo Agudelo, Dario</subfield>
    <subfield code="9">4445</subfield>
  </datafield>
  <datafield tag="700" ind1=" " ind2=" ">
    <subfield code="a"> Goodall, Donald</subfield>
    <subfield code="9">4446</subfield>
  </datafield>
  <datafield tag="999" ind1=" " ind2=" ">
    <subfield code="c">816</subfield>
    <subfield code="d">816</subfield>
  </datafield>
  <datafield tag="952" ind1=" " ind2=" ">
    <subfield code="0">0</subfield>
    <subfield code="1">0</subfield>
    <subfield code="2">ddc</subfield>
    <subfield code="4">0</subfield>
    <subfield code="7">0</subfield>
    <subfield code="a">LV</subfield>
    <subfield code="b">LV</subfield>
    <subfield code="c">Monograf&#xED;as</subfield>
    <subfield code="d">2016-01-15</subfield>
    <subfield code="l">0</subfield>
    <subfield code="o">758.06 G643l</subfield>
    <subfield code="p">000161</subfield>
    <subfield code="r">2016-01-15 00:00:00</subfield>
    <subfield code="w">2016-01-15</subfield>
    <subfield code="y">01</subfield>
  </datafield>
</record>
